000 00660pam a2200205 a 4500
020 _a0412290308
020 _a0412295105 (pbk.)
082 0 0 _a624.171
_bGHA
_cL-20, P-153
100 1 _aGhali, A.
_936416
245 1 0 _aStructural analysis :
_ba unified classical and matrix approach /
_cA. Ghali, A.M. Neville.
250 _a3rd ed.
260 _aLondon ;
_aNew York :
_bChapman and Hall,
_c1989.
300 _axxii, 870 p. :
_bill. ;
_c24 cm.
500 _aIncludes indexes.
526 _a0
_b0
_c0
_d624_171000000000000_GHA
650 0 _aMCE
_9379
650 0 _aStructural analysis (Engineering)
_9654
700 1 _aNeville, Adam M.
_936418
942 _2ddc
_cBK
999 _c546698
_d546698